000 00617nam a2200193Ia 4500
003 IN-BaIIA
008 211028s9999 xx 000 0 eng d
040 _cIIA Library
080 _a524.3-5
_bCHA
100 _aChandrasekhar, S.
_91248
245 3 _aAn introduction to the study of stellar structure
_cS. Chandrasekhar
260 _aNew York
_bDover Publications
_c1957
300 _a509p.
500 _aDonated by Mrs. Bappu
650 _aAstronomy and Astrophysics Thesaurus
650 _aStellar Interior
_912840
650 _aSteller Structure
_912841
942 _cBK
999 _c7569
_d7569